000 00414nam a2200157 4500
001 45585
090 _a45585
100 _a20260128 pory50
101 _apor
102 _aPT
200 _aO misterio da Pedra magica
_fconto de Isabel AmorĂ³s Caceres
_gil. de Lourdes Murgi
210 _cEurotrend ediciones
_cdist. Dodot
_d[cop. 1995]
215 _a1 v.
_cil.
675 _a82-93
801 _aPT
_gRPC
990 _cLIVROS